| 000 | 00724nam a2200217 a 4500 | ||
|---|---|---|---|
| 003 | MX-MxUPN | ||
| 005 | 20240924065154.0 | ||
| 008 | 221024s1932 mx a||||r|||| 000 0 spa d | ||
| 040 |
_aMX-MxUPN _bspa _cMX-MxUPN |
||
| 041 | 0 | _aspa | |
| 050 | 1 | 4 |
_aLB1567 M6 _bM64 |
| 100 | 1 |
_aMonzón, Luis G., _d1872-1942 _931997 |
|
| 245 | 1 | 3 | _aLa escuela campesina |
| 260 |
_aJalapa : _bTalleres Gráficos del Gobierno del Estado, _c1932. |
||
| 300 |
_a171 páginas, 3 hojas plegables : _bilustraciones |
||
| 650 | 4 |
_aEscuelas rurales _zMéxico _916754 |
|
| 650 | 4 |
_aEducación rural _zMéxico _94430 |
|
| 710 | 2 |
_aMuseo Pedagógico Nacional (México) _951335 _epropietario anterior |
|
| 902 | _aVíctor Ruiz/241022 | ||
| 942 |
_2lcc _cLIBRO |
||
| 999 |
_c208977 _d208977 |
||